Communicating for Results (Record no. 5339)

MARC details
000 -LEADER
fixed length control field 00814cam a22002295a 4500
001 - CONTROL NUMBER
control field 15415567
003 - CONTROL NUMBER IDENTIFIER
control field 20170214102045.0
005 - DATE AND TIME OF LATEST TRANSACTION
control field 20240606080954.0
008 - FIXED-LENGTH DATA ELEMENTS--GENERAL INFORMATION
fixed length control field 080817s2008 onc 000 0 eng
010 ## - LIBRARY OF CONGRESS CONTROL NUMBER
LC control number 2008298309
020 ## - INTERNATIONAL STANDARD BOOK NUMBER
International Standard Book Number 9780195428520
020 ## - INTERNATIONAL STANDARD BOOK NUMBER
International Standard Book Number 0195428528
040 ## - CATALOGING SOURCE
Original cataloging agency DLC
Transcribing agency DLC
Modifying agency DLC
245 00 - TITLE STATEMENT
Title Communicating for Results
Remainder of title A Canadian Student's Guide.
260 ## - PUBLICATION, DISTRIBUTION, ETC.
Place of publication, distribution, etc. Don Mills, Ontario :
Name of publisher, distributor, etc. Oxford Univ Pr
Date of publication, distribution, etc. 2008.
300 ## - PHYSICAL DESCRIPTION
Extent xv, 448 p.
Dimensions 26 cm.
856 42 - ELECTRONIC LOCATION AND ACCESS
Materials specified Contributor biographical information
Uniform Resource Identifier <a href="http://www.loc.gov/catdir/enhancements/fy0907/2008298309-b.html">http://www.loc.gov/catdir/enhancements/fy0907/2008298309-b.html</a>
856 41 - ELECTRONIC LOCATION AND ACCESS
Materials specified Table of contents only
Uniform Resource Identifier <a href="http://www.loc.gov/catdir/enhancements/fy1013/2008298309-t.html">http://www.loc.gov/catdir/enhancements/fy1013/2008298309-t.html</a>
906 ## - LOCAL DATA ELEMENT F, LDF (RLIN)
a 0
b ibc
c origres
d 2
e ncip
f 20
g y-gencatlg
942 ## - ADDED ENTRY ELEMENTS (KOHA)
Source of classification or shelving scheme Library of Congress Classification
Koha item type Books
Holdings
Withdrawn status Lost status Source of classification or shelving scheme Damaged status Not for loan Home library Current library Date acquired Total checkouts Full call number Barcode Date last seen Price effective from Koha item type Shelving location Source of acquisition
    Library of Congress Classification     MUT Mariira Campus Library MUT Mariira Campus Library 14/02/2017   HF5718.M49 2006 005529 14/02/2017 14/02/2017 Books    
    Library of Congress Classification     MUT Mariira Campus Library MUT Mariira Campus Library 12/10/2017   HF5718 .M49 2006 013357 12/10/2017 12/10/2017 Books General stacks Donation-TFC
    Library of Congress Classification     Murang'a University of Technology Library Murang'a University of Technology Library 31/10/2017   HF5718 .M49 2006 015943 31/10/2017 31/10/2017 Books General stacks Donation-TFC
    Library of Congress Classification     Murang'a University of Technology Library Murang'a University of Technology Library 15/11/2017   HF5718 .M49 2006 016816 15/11/2017 15/11/2017 Books General stacks Donation-TFC